Organizational reputation and risk regulation: the effect of reputational threats on agency scientific outputs (Record no. 117035)

000 -LEADER
fixed length control field 01367pab a2200169 454500
008 - FIXED-LENGTH DATA ELEMENTS--GENERAL INFORMATION
fixed length control field 180718b2018 xxu||||| |||| 00| 0 eng d
100 ## - MAIN ENTRY--PERSONAL NAME
Personal name Rimkute, Dovile
245 ## - TITLE STATEMENT
Title Organizational reputation and risk regulation: the effect of reputational threats on agency scientific outputs
260 ## - PUBLICATION, DISTRIBUTION, ETC.
Date of publication, distribution, etc. 2018
300 ## - PHYSICAL DESCRIPTION
Extent p.70-83.
520 ## - SUMMARY, ETC.
Summary, etc. This article aims to explain the variation in the scientific risk assessments conducted by two regulatory agencies: the European Food Safety Authority (EFSA) and the French Agency for Food, Environmental and Occupational Health and Safety (ANSES). To explain the merits of scientific risk assessments that have caused polarization within the EU, this article draws on bureaucratic reputation theory. The theory argues that regulators are political organizations that are active in protecting their unique organizational reputations. The findings obtained from interviews, direct observations, and primary documents yield support for this framework: depending on reputational threats, agencies choose to emphasize either their role as guardians of the prevailing social values, or send strong professional signals by delivering a scientifically rigorous risk assessment. - Reproduced.
650 ## - SUBJECT ADDED ENTRY--TOPICAL TERM
Topical term or geographic name entry element Regulation
650 ## - SUBJECT ADDED ENTRY--TOPICAL TERM
Topical term or geographic name entry element Regulatory agencies
650 ## - SUBJECT ADDED ENTRY--TOPICAL TERM
Topical term or geographic name entry element Bureaucracy
773 ## - HOST ITEM ENTRY
Main entry heading Public Administration
909 ## -
-- 117041
Holdings
Withdrawn status Lost status Damaged status Not for loan Permanent Location Current Location Date acquired Serial Enumeration / chronology Barcode Date last seen Price effective from Koha item type
        Indian Institute of Public Administration Indian Institute of Public Administration 2018-07-19 Volume no: 96, Issue no: 1 AR117501 2018-07-19 2018-07-19 Articles

Powered by Koha